Normal view MARC view
  • Mercedes otomobiller

Entry Topical Term

Number of records used in: 1

001 - CONTROL NUMBER

  • control field: 120095

003 - CONTROL NUMBER IDENTIFIER

  • control field: TR-AnTOB

005 - DATE AND TIME OF LATEST TRANSACTION

  • control field: 20180731105451.0

008 - FIXED-LENGTH DATA ELEMENTS

  • fixed length control field: 180528nneazannbabn za aaa

035 ## - SYSTEM CONTROL NUMBER

  • System control number: (TR-AnTOB)120095

040 ## - CATALOGING SOURCE

  • Original cataloging agency: TR-AnTOB
  • Transcribing agency: TR-AnTOB

150 ## - HEADING--TOPICAL TERM

  • Topical term or geographic name entry element: Mercedes otomobiller

450 ## - SEE FROM TRACING--TOPICAL TERM

  • Topical term or geographic name entry element: Mercedes-Benz otomobiller

450 ## - SEE FROM TRACING--TOPICAL TERM

  • Control subfield: nne
  • Topical term or geographic name entry element: Mercedes automobile

450 ## - SEE FROM TRACING--TOPICAL TERM

  • Topical term or geographic name entry element: Mercedes arabaları

450 ## - SEE FROM TRACING--TOPICAL TERM

  • Topical term or geographic name entry element: Mercedes otomobilleri

450 ## - SEE FROM TRACING--TOPICAL TERM

  • Topical term or geographic name entry element: Mercedes automobiles

450 ## - SEE FROM TRACING--TOPICAL TERM

  • Topical term or geographic name entry element: Mercedes-Benz automobiles

550 ## - SEE ALSO FROM TRACING--TOPICAL TERM

  • Control subfield: g
  • Topical term or geographic name entry element: DaimlerChrysler otomobilleri

672 ## - TITLE RELATED TO THE ENTITY

  • Bibliographic record control number: 200429713

750 ## - ESTABLISHED HEADING LINKING ENTRY--TOPICAL TERM

  • Authority record control number or standard number: (DLC)sh 85083748
  • Source of heading or term: lcsh

750 ## - ESTABLISHED HEADING LINKING ENTRY--TOPICAL TERM

  • Authority record control number or standard number: (TR-AnTOB)120094
  • Source of heading or term: etuesh
Devinim Yazılım Eğitim Danışmanlık tarafından Koha'nın orjinal sürümü uyarlanarak geliştirilip kurulmuştur.